[Event "Staatsliga B - Ost 2002/03"]
[Site "Wien, Austria-Center"]
[Date "2002.11.24"]
[Round "5"]
[Board "5"]
[White "Schumi, Manfred"]
[Black "Posch, Werner"]
[Result "1/2-1/2"]
[WhiteElo "2217"]
[BlackElo "2290"]
[PlyCount "78"]

1.e4 Nf6 2.e5 Nd5 3.d4 d6 4.Nf3 c6 5.Bc4 dxe5 6.Nxe5 Nd7 7.Nf3 N7b6 8.Bb3 Bg4
9.Nbd2 e6 10.h3 Bh5 11.O-O Be7 12.c3 O-O 13.Ne4 Bg6 14.Qe2 Qc7 15.Ne5 Bxe4
16.Qxe4 Nf6 17.Qe2 Nbd5 18.Re1 c5 19.c4 Nb4 20.Bf4 Qc8 21.a3 Nc6 22.Nxc6 bxc6
23.Rad1 cxd4 24.Rxd4 c5 25.Rd2 Qb7 26.Ba4 Rad8 27.Rxd8 Rxd8 28.Be5 Nd7 29.Bc3
Bf6 30.Rd1 Nb6 31.Rxd8+ Bxd8 32.Bc2 Qe7 33.b4 Bc7 34.Qh5 f5 35.bxc5 Nd7 36.c6
Nf8 37.Bb4 Qf6 38.Qe2 Ng6 39.g3 f4

[Event "Staatsliga B - Ost 2002/03"]
[Site "Wien, Austria-Center"]
[Date "2002.11.24"]
[Round "5"]
[Board "6"]
[White "Wiedner, Robert"]
[Black "Steiner, Johann"]
[Result "1/2-1/2"]
[WhiteElo "2241"]
[BlackElo "2070"]
[PlyCount "24"]

1.c4 Nf6 2.Nc3 g6 3.g3 Bg7 4.Bg2 d6 5.d4 O-O 6.Nf3 c6 7.O-O Nbd7 8.b3 e5 9.e3
Re8 10.Nd2 exd4 11.exd4 Nf8 12.Nf3 d5

[Event "Staatsliga B - Ost 2002/03"]
[Site "Wien, Austria-Center"]
[Date "2002.11.24"]
[Round "5"]
[Board "1"]
[White "Polak, Tomas"]
[Black "Likavsky, Tomas"]
[Result "1/2-1/2"]
[WhiteElo "2475"]
[BlackElo "2465"]
[PlyCount "36"]

1.d4 d5 2.c4 e6 3.Nf3 Nf6 4.Nc3 Nbd7 5.cxd5 exd5 6.Bg5 Be7 7.e3 O-O 8.Bd3 c6
9.Qc2 Re8 10.O-O Nf8 11.h3 Bd6 12.Rfe1 Bd7 13.Rab1 h6 14.Bxf6 Qxf6 15.e4 dxe4
16.Nxe4 Qf4 17.b4 Rac8 18.Nxd6 Qxd6

[Event "Staatsliga B - Ost 2002/03"]
[Site "Wien, Austria-Center"]
[Date "2002.11.24"]
[Round "5"]
[Board "3"]
[White "Hangweyrer, Manfred"]
[Black "Hadjieff, Dieter"]
[Result "1-0"]
[WhiteElo "2315"]
[BlackElo "2271"]
[PlyCount "75"]

1.Nf3 c5 2.c4 b6 3.Nc3 Bb7 4.e3 Nf6 5.d4 cxd4 6.exd4 e6 7.Bd3 d6 8.O-O Be7 9.Bf4
O-O 10.Re1 a6 11.b4 Nbd7 12.a3 Re8 13.h3 Bf8 14.Rc1 Ra7 15.Bc2 Qa8 16.d5 e5
17.Be3 Rc8 18.Bb3 Qb8 19.Nd2 Ba8 20.a4 Rac7 21.b5 Nxd5 22.cxd5 Rxc3 23.Rxc3 Rxc3
24.bxa6 Qc8 25.Ne4 Rc7 26.Qd3 h6 27.g4 Nc5 28.Bxc5 bxc5 29.Bc4 f5 30.gxf5 Qxf5
31.Rb1 Rc8 32.Rb6 Qd7 33.Qg3 Be7 34.Qg4 Qd8 35.Qe6+ Kh8 36.a7 Qxb6 37.Qxc8+ Kh7
38.Bd3

[Event "Staatsliga B - Ost 2002/03"]
[Site "Wien, Austria-Center"]
[Date "2002.11.24"]
[Round "5"]
[Board "4"]
[White "Trkulja, Zoran"]
[Black "Stanivukovic, Drago"]
[Result "1/2-1/2"]
[WhiteElo "2232"]
[BlackElo "2196"]
[PlyCount "20"]

1.e4 d6 2.d4 Nf6 3.Nc3 g6 4.h4 h5 5.Bg5 Bg7 6.Qd2 c6 7.f3 Qa5 8.Nge2 b5 9.a3 a6
10.O-O-O Nbd7

[Event "Staatsliga B - Ost 2002/03"]
[Site "Wien, Austria-Center"]
[Date "2002.11.24"]
[Round "5"]
[Board "6"]
[White "Leber, Franz"]
[Black "Schirmbeck, Hannes"]
[Result "1/2-1/2"]
[WhiteElo "2148"]
[BlackElo "2144"]
[PlyCount "88"]

1.d4 Nf6 2.Nf3 c5 3.d5 e6 4.c4 b5 5.dxe6 fxe6 6.Nbd2 Be7 7.e4 bxc4 8.e5 c3
9.bxc3 Nd5 10.c4 Nb6 11.Ne4 O-O 12.Be3 Bb7 13.Qc2 Nc6 14.Nxc5 Rxf3 15.gxf3 Nxe5
16.Nxb7 Bb4+ 17.Kd1 Qc7 18.a3 Be7 19.Na5 Bf6 20.Rc1 Qd6+ 21.Qd2 Qxa3 22.Bg2 d5
23.f4 Nd3 24.Rc2 Nb4 25.Bc5 Qxa5 26.Qxb4 Qa6 27.Qb5 Qb7 28.Ke2 Qf7 29.Bxb6 Qg6
30.Qb3 Qxg2 31.Qf3 Qxf3+ 32.Kxf3 axb6 33.cxd5 exd5 34.Rb1 Ra3+ 35.Ke2 Rh3 36.Rc7
Rxh2 37.Rxb6 Rxf2+ 38.Kd1 Rb2 39.Rxb2 Bxb2 40.Rd7 d4 41.Ke2 h6 42.f5 Kh7 43.Kd3
Kg8 44.Ke4 d3

[Event "Staatsliga B - Ost 2002/03"]
[Site "Wien, Austria-Center"]
[Date "2002.11.24"]
[Round "5"]
[Board "1"]
[White "Pingitzer, Harald"]
[Black "Banas, Jan"]
[Result "1/2-1/2"]
[WhiteElo "2372"]
[BlackElo "2365"]
[PlyCount "20"]

1.Nf3 Nf6 2.d4 g6 3.g3 Bg7 4.Bg2 O-O 5.O-O d5 6.c4 dxc4 7.Na3 Nc6 8.Nxc4 Be6
9.b3 Bd5 10.Bb2 a5

[Event "Staatsliga B - Ost 2002/03"]
[Site "Wien, Austria-Center"]
[Date "2002.11.24"]
[Round "5"]
[Board "2"]
[White "Wallner, Joachim"]
[Black "Kummer, Helmut"]
[Result "1-0"]
[WhiteElo "2297"]
[BlackElo "2341"]
[PlyCount "98"]

1.e4 e5 2.Bc4 Nf6 3.d3 c6 4.Qe2 Bc5 5.Nf3 O-O 6.Bg5 d6 7.Nc3 b5 8.Bb3 Be6 9.O-O
h6 10.Be3 Bxe3 11.Qxe3 Nbd7 12.Rfe1 Re8 13.d4 Bxb3 14.axb3 b4 15.Nb1 d5 16.Nbd2
exd4 17.Qxd4 c5 18.Qd3 Ne5 19.Nxe5 Rxe5 20.f4 Re6 21.e5 Qb6 22.Nf3 Rae8 23.Red1
Ng4 24.h3 c4+ 25.Qd4 Ne3 26.Rd2 cxb3 27.cxb3 f6 28.Qxb6 axb6 29.Nd4 R6e7 30.e6
Rxe6 31.Nxe6 Rxe6 32.Re1 Kf7 33.Kf2 Nf5 34.Rxd5 Nd6 35.f5 Ne4+ 36.Kg1 Re7 37.Rb5
Nd6 38.Rxe7+ Kxe7 39.Rxb6 Nxf5 40.Rxb4 g5 41.Kf2 h5 42.Rc4 Nd6 43.Rc7+ Ke6 44.b4
f5 45.Ke3 f4+ 46.Kf3 Nf5 47.Rc6+ Ke5 48.Rc5+ Ke6 49.b5 Nh4+

[Event "Staatsliga B - Ost 2002/03"]
[Site "Wien, Austria-Center"]
[Date "2002.11.24"]
[Round "5"]
[Board "3"]
[White "Schneider-Zinner, Harald"]
[Black "Fusi, Christoph"]
[Result "1/2-1/2"]
[WhiteElo "2353"]
[BlackElo "2297"]
[PlyCount "64"]

1.d4 d5 2.c4 e6 3.Nf3 c6 4.g3 Nf6 5.Bg2 Nbd7 6.O-O Bd6 7.Nc3 O-O 8.Nd2 Bc7 9.e4
dxe4 10.Ndxe4 Nxe4 11.Nxe4 Nb6 12.b3 e5 13.Bb2 f5 14.Nc5 Bd6 15.Re1 Re8 16.Qc2
a5 17.Rad1 e4 18.f3 exf3 19.Bxf3 Rxe1+ 20.Rxe1 Qf8 21.Nd3 Nd7 22.c5 Be7 23.Nf4
Nf6 24.Qc4+ Kh8 25.Ne6 Bxe6 26.Qxe6 Ng8 27.Qd7 f4 28.Kg2 fxg3 29.hxg3 Rb8 30.Bc3
Qd8 31.Qf5 Bf6 32.Rh1 Nh6

[Event "Staatsliga B - Ost 2002/03"]
[Site "Wien, Austria-Center"]
[Date "2002.11.24"]
[Round "5"]
[Board "4"]
[White "Knoflicek, Ctibor"]
[Black "Hansen, Kay"]
[Result "1/2-1/2"]
[WhiteElo "2185"]
[BlackElo "2265"]
[PlyCount "84"]

1.e4 c6 2.d4 d5 3.Nc3 b5 4.a3 a6 5.h3 e6 6.Nf3 Bb7 7.Bd3 Nf6 8.Bg5 Qc8 9.O-O
Nbd7 10.e5 h6 11.Bd2 Ng8 12.Ne2 c5 13.c3 Ne7 14.b4 cxd4 15.Nexd4 Nb6 16.Qe2 g6
17.Nh2 Bg7 18.Ng4 Nc6 19.Rfe1 Nc4 20.Bf4 Nxd4 21.cxd4 Qd8 22.Nf6+ Ke7 23.Qg4 Qf8
24.Rac1 Rc8 25.Rc3 Rc6 26.Rec1 Bxf6 27.exf6+ Kd7 28.Qg3 g5 29.Be5 Qc8 30.f4 Nxa3
31.Rxc6 Bxc6 32.fxg5 hxg5 33.Qxg5 Nc4 34.Qg7 Qg8 35.Bf4 Nd6 36.Bg6 Qxg7 37.fxg7
Rg8 38.Bxd6 Rxg7 39.Bxf7 Kxd6 40.Bxe6 Re7 41.Bg4 Re4 42.Rd1 Re3

[Event "Staatsliga B - Ost 2002/03"]
[Site "Wien, Austria-Center"]
[Date "2002.11.24"]
[Round "5"]
[Board "5"]
[White "Schwab, Rene"]
[Black "Chulis, Alexander"]
[Result "1-0"]
[WhiteElo "2227"]
[BlackElo "2192"]
[PlyCount "121"]

1.e4 e5 2.Nf3 Nc6 3.Bc4 Bc5 4.c3 Nf6 5.d4 exd4 6.cxd4 Bb4+ 7.Bd2 Bxd2+ 8.Nbxd2
d5 9.exd5 Nxd5 10.Qb3 Nce7 11.O-O O-O 12.Rfe1 c6 13.Re5 Ng6 14.Rg5 Nde7 15.Re1
b5 16.Bd3 Nf4 17.Bb1 g6 18.h4 Nf5 19.Bxf5 Bxf5 20.Qc3 Rc8 21.Kh2 h6 22.Rxf5 gxf5
23.Qe3 Qd6 24.Ne5 Nh5 25.g4 Nf6 26.f3 Nd5 27.Qg1 Kh7 28.gxf5 Rg8 29.Qf2 Qf6
30.Ne4 Qxf5 31.Ng3 Qf4 32.Re4 Qf6 33.Qc2 Kh8 34.Nh5 Qf5 35.Ng3 Rxg3 36.Kxg3 Rg8+
37.Kh2 Nf4 38.Ng4 h5 39.Qxc6 Rg6 40.Re8+ Kg7 41.Qe4 Qxe4 42.Rxe4 hxg4 43.Rxf4
gxf3 44.Rxf3 Re6 45.Kg3 Re4 46.Rd3 Re2 47.d5 Kf8 48.d6 Ke8 49.h5 Kd7 50.Kg4 Rg2+
51.Kh4 f6 52.Rg3 Rxb2 53.h6 Rh2+ 54.Rh3 Re2 55.h7 Re8 56.Rg3 Rh8 57.Rg7+ Kxd6
58.Rxa7 Ke5 59.Kh5 Kd4 60.Kg6 Kc3 61.Kxf6

[Event "Staatsliga B - Ost 2002/03"]
[Site "Wien, Austria-Center"]
[Date "2002.11.24"]
[Round "5"]
[Board "6"]
[White "Somasundram, Jayakumar"]
[Black "Palfinger, Wolfgang"]
[Result "0-1"]
[WhiteElo "2035"]
[BlackElo "2111"]
[PlyCount "70"]

1.e4 e5 2.Nf3 Nc6 3.c3 h6 4.d4 exd4 5.cxd4 Bb4+ 6.Nc3 d5 7.exd5 Qxd5 8.Bd2 Bxc3
9.bxc3 Nf6 10.Bd3 O-O 11.O-O Bg4 12.Be2 Ne4 13.Be1 Ng5 14.Nxg5 Bxe2 15.Qxe2 Qxg5
16.Rb1 b6 17.f4 Qe7 18.Qf3 Qd7 19.f5 f6 20.Bd2 Rae8 21.Qg3 Kh8 22.Rf4 Re2 23.Qd3
Rfe8 24.Rh4 Qd5 25.Rg4 Qxa2 26.Rd1 Na5 27.h3 Qf7 28.Rg6 Kh7 29.d5 R8e4 30.Kh2
Nc4 31.Bc1 Ne5 32.Qxe4 Rxe4 33.Rg3 Qd7 34.d6 cxd6 35.Be3 Qxf5

[Event "Staatsliga B - Ost 2002/03"]
[Site "Wien, Austria-Center"]
[Date "2002.11.24"]
[Round "5"]
[Board "1"]
[White "Rotstein, Arkadij"]
[Black "Palkovi, Jozsef"]
[Result "1/2-1/2"]
[WhiteElo "2544"]
[BlackElo "2398"]
[PlyCount "96"]

1.c4 c5 2.g3 g6 3.Nf3 b6 4.Bg2 Bb7 5.d4 cxd4 6.Qxd4 Nf6 7.Nc3 Bg7 8.O-O d6 9.Rd1
Nbd7 10.Nd5 O-O 11.Qh4 b5 12.Nxf6+ Nxf6 13.c5 d5 14.Bh6 Ne4 15.Ng5 Nxg5 16.Bxg7
Kxg7 17.Qxg5 f6 18.Qe3 Qd7 19.Rd3 e6 20.Rad1 Rf7 21.b4 a5 22.a3 Bc6 23.Qd2 Qe8
24.h4 h5 25.Qc3 Rfa7 26.Qe1 axb4 27.axb4 Qf7 28.e4 Rd7 29.exd5 Bxd5 30.Qd2 Rad8
31.Rd4 Bc6 32.Bxc6 Rxd4 33.Qxd4 Rxd4 34.Rxd4 Kh6 35.Rd7 Qg8 36.Bxb5 g5 37.c6 Qb8
38.hxg5+ Kxg5 39.Ba6 Qb6 40.Bb7 Kf5 41.Ba8 Qa6 42.Bb7 Qa7 43.Kg2 Ke5 44.Rh7 Kd6
45.Rxh5 Qd4 46.Rb5 Qe4+ 47.Kg1 Qe1+ 48.Kg2 Qe4+

[Event "Staatsliga B - Ost 2002/03"]
[Site "Wien, Austria-Center"]
[Date "2002.11.24"]
[Round "5"]
[Board "2"]
[White "Rumpl, Erwin"]
[Black "Wukits, Rene"]
[Result "1/2-1/2"]
[WhiteElo "2245"]
[BlackElo "2296"]
[PlyCount "25"]

1.Nf3 Nf6 2.c4 e6 3.Nc3 d5 4.cxd5 exd5 5.d4 c6 6.Bg5 Be7 7.Qc2 Na6 8.a3 Nc7 9.e3
Ne6 10.Bh4 g6 11.Bd3 Ng7 12.O-O Bf5 13.Rfd1

[Event "Staatsliga B - Ost 2002/03"]
[Site "Wien, Austria-Center"]
[Date "2002.11.24"]
[Round "5"]
[Board "4"]
[White "Waller, Helmut"]
[Black "Wallner, Alfred"]
[Result "0-1"]
[WhiteElo "2175"]
[BlackElo "2242"]
[PlyCount "106"]

1.e4 c5 2.c3 Nf6 3.e5 Nd5 4.d4 cxd4 5.cxd4 e6 6.Nc3 Nxc3 7.bxc3 Qc7 8.Qb3 d6
9.Nf3 Nd7 10.Bf4 Be7 11.Bd3 O-O 12.O-O dxe5 13.Nxe5 Nxe5 14.Bxe5 Bd6 15.Rfe1
Bxe5 16.Rxe5 b6 17.Rae1 Bb7 18.R1e3 Rad8 19.Qd1 Rd5 20.Qh5 g6 21.Qh6 f6 22.Rxd5
Bxd5 23.h4 Rc8 24.h5 Qg7 25.Qxg7+ Kxg7 26.hxg6 hxg6 27.Ba6 Rc6 28.Bb5 Rd6 29.c4
Bc6 30.a4 Bxb5 31.axb5 Rxd4 32.Rxe6 Rxc4 33.Re7+ Kh6 34.Rxa7 Rc5 35.Rf7 Kg5
36.f3 Rxb5 37.Kf2 Rb2+ 38.Kg3 Kf5 39.Rf8 g5 40.Rb8 b5 41.Rb6 Ke5 42.Rb8 b4
43.Rb5+ Kd4 44.Rf5 b3 45.Rxf6 Re2 46.f4 b2 47.Rb6 gxf4+ 48.Kf3 Rd2 49.Rd6+ Kc3
50.Rc6+ Kd3 51.Rd6+ Kc2 52.Rc6+ Kd1 53.Rb6 Kc1

[Event "Staatsliga B - Ost 2002/03"]
[Site "Wien, Austria-Center"]
[Date "2002.11.24"]
[Round "5"]
[Board "5"]
[White "Kleiser, Gregor"]
[Black "Wadsack, Wolfgang"]
[Result "1-0"]
[WhiteElo "2201"]
[BlackElo "2162"]
[PlyCount "79"]

1.c4 c6 2.d4 d5 3.cxd5 cxd5 4.Bf4 Qb6 5.Nc3 e6 6.Rc1 Nc6 7.e3 Bd7 8.Bd3 Rc8
9.Nf3 Bb4 10.O-O Nf6 11.Na4 Qd8 12.Qb3 Qe7 13.Nc5 Bxc5 14.dxc5 e5 15.Bg3 Bg4
16.Nd2 O-O 17.Qa4 Rfd8 18.b4 a6 19.Qb3 Nh5 20.Rfe1 Nxg3 21.hxg3 Be6 22.Qb1 e4
23.Be2 f5 24.a4 d4 25.exd4 Nxd4 26.Bc4 Qf7 27.Bxe6 Qxe6 28.Nc4 Rc6 29.Nd6 b6
30.Rcd1 bxc5 31.bxc5 Nb3 32.Nxf5 Rxd1 33.Rxd1 Rxc5 34.g4 h5 35.Qb2 Rc7 36.Rd6
Qf7 37.Nh6+ gxh6 38.Rd8+ Kh7 39.Qh8+ Kg6 40.Rg8+

[Event "Staatsliga B - Ost 2002/03"]
[Site "Wien, Austria-Center"]
[Date "2002.11.24"]
[Round "5"]
[Board "1"]
[White "Balinov, Ilija"]
[Black "Videki, Sandor"]
[Result "1/2-1/2"]
[WhiteElo "2444"]
[BlackElo "2424"]
[PlyCount "22"]

1.e4 d6 2.d4 Nf6 3.Nc3 g6 4.Bg5 Bg7 5.Qd2 c6 6.f4 O-O 7.Nf3 b5 8.Bd3 Bg4 9.f5
Bxf3 10.gxf3 Nbd7 11.Ne2 Qb6

[Event "Staatsliga B - Ost 2002/03"]
[Site "Wien, Austria-Center"]
[Date "2002.11.24"]
[Round "5"]
[Board "2"]
[White "Neumeier, Klaus"]
[Black "Miniboeck, Guenter"]
[Result "1/2-1/2"]
[WhiteElo "2271"]
[BlackElo "2335"]
[PlyCount "21"]

1.e4 c5 2.Nf3 d6 3.Bb5+ Bd7 4.Bxd7+ Qxd7 5.c4 Nc6 6.O-O Nf6 7.Nc3 e6 8.d4 cxd4
9.Nxd4 Be7 10.b3 O-O 11.Bb2

[Event "Staatsliga B - Ost 2002/03"]
[Site "Wien, Austria-Center"]
[Date "2002.11.24"]
[Round "5"]
[Board "4"]
[White "Pichler, Michael"]
[Black "Sulyok, Michael"]
[Result "0-1"]
[WhiteElo "2195"]
[BlackElo "2222"]
[PlyCount "102"]

1.e4 g6 2.Nc3 Bg7 3.g3 c5 4.Bg2 Nc6 5.d3 d6 6.f4 e6 7.Nf3 Nge7 8.O-O O-O 9.Be3
Nd4 10.Qd2 Rb8 11.Rae1 b5 12.e5 Nef5 13.Bf2 Nxf3+ 14.Bxf3 Nd4 15.Bg2 dxe5
16.fxe5 Qa5 17.g4 Bb7 18.Bh4 b4 19.Ne4 Bxe4 20.Rxe4 Qxa2 21.Be7 Qxb2 22.Bxc5
Qxc2 23.Bxb4 Qxd2 24.Bxd2 Rfd8 25.Be3 Nc6 26.Ra4 Nxe5 27.Rxa7 Rxd3 28.Bf4 Rf8
29.Bxe5 Bxe5 30.Rb7 Bd4+ 31.Kh1 Ra3 32.Rd7 Bg7 33.h3 Ra1 34.Rxa1 Bxa1 35.Ra7 Bd4
36.Ra8 Rxa8 37.Bxa8 Kg7 38.Kg2 Kf6 39.Bc6 Ke5 40.Kf3 Bc3 41.Be8 f5 42.gxf5 gxf5
43.Bc6 h6 44.Ke3 Bb2 45.Bd7 Bc1+ 46.Kf3 Kf6 47.Bc8 e5 48.Bb7 Kg5 49.Kg3 e4
50.Bc6 Bf4+ 51.Kg2 Bd6

[Event "Staatsliga B - Ost 2002/03"]
[Site "Wien, Austria-Center"]
[Date "2002.11.24"]
[Round "5"]
[Board "5"]
[White "Herndlbauer, Martin"]
[Black "Wandl, Werner"]
[Result "1/2-1/2"]
[WhiteElo "2162"]
[BlackElo "2118"]
[PlyCount "46"]

1.e4 e6 2.d3 d5 3.Nd2 Nf6 4.Ngf3 c5 5.g3 Nc6 6.Bg2 b6 7.O-O Qc7 8.Re1 Be7 9.Nf1
Bb7 10.c3 dxe4 11.dxe4 Rd8 12.Qa4 e5 13.Bg5 O-O 14.Bxf6 Bxf6 15.Ne3 Rd6 16.Nd5
Qb8 17.Rad1 g6 18.Nd2 Bg7 19.Nc4 Rdd8 20.Nce3 Na5 21.h4 Rd6 22.h5 Rfd8 23.Qb5
Kf8

[Event "Staatsliga B - Ost 2002/03"]
[Site "Wien, Austria-Center"]
[Date "2002.11.24"]
[Round "5"]
[Board "1"]
[White "Schweda, Roland"]
[Black "Danner, Georg"]
[Result "1/2-1/2"]
[WhiteElo "2354"]
[BlackElo "2377"]
[PlyCount "98"]

1.d4 Nf6 2.c4 e6 3.Nc3 Bb4 4.e3 c5 5.Nge2 b6 6.a3 Ba5 7.Rb1 Nc6 8.d5 exd5 9.cxd5
Bxc3+ 10.Nxc3 Ne5 11.Be2 d6 12.e4 O-O 13.O-O Re8 14.Qc2 a6 15.a4 Ra7 16.b3 Rae7
17.Bg5 Rc7 18.Rbe1 Ng6 19.Bd3 h6 20.Bc1 Rce7 21.f4 Qc7 22.e5 dxe5 23.Bxg6 fxg6
24.fxe5 Bf5 25.Rxf5 gxf5 26.d6 Qxd6 27.exd6 Rxe1+ 28.Kf2 R1e6 29.Qxf5 Ne4+
30.Nxe4 Rf8 31.Qxf8+ Kxf8 32.Kf3 Re5 33.Be3 Rd5 34.a5 bxa5 35.Bxc5 Ke8 36.Ke3
Kd7 37.Bd4 Rb5 38.Bxg7 Rxb3+ 39.Kd4 Kc6 40.Nd2 Rb7 41.Bxh6 Kxd6 42.g4 Ke6 43.h4
a4 44.Nc4 Rb1 45.Bf8 Rf1 46.Bh6 Rg1 47.Bg5 Rxg4+ 48.Kc5 Re4 49.Bd8 Rf4

[Event "Staatsliga B - Ost 2002/03"]
[Site "Wien, Austria-Center"]
[Date "2002.11.24"]
[Round "5"]
[Board "2"]
[White "Brod, Manfred"]
[Black "Stranz, Richard"]
[Result "1/2-1/2"]
[WhiteElo "2237"]
[BlackElo "2252"]
[PlyCount "50"]

1.e4 c5 2.Nf3 Nc6 3.d4 cxd4 4.Nxd4 Nf6 5.Nc3 e5 6.Ndb5 d6 7.Bg5 a6 8.Na3 Be6
9.Nc4 Rc8 10.Bxf6 Qxf6 11.Nb6 Rb8 12.Ncd5 Qg6 13.Qd3 Be7 14.Nc7+ Kd8 15.Nxe6+
fxe6 16.c3 Kc7 17.Nc4 Rbd8 18.Ne3 d5 19.exd5 Qxd3 20.Bxd3 exd5 21.O-O d4 22.cxd4
exd4 23.Nf5 Bf6 24.Rac1 Kb6 25.Rcd1 Rhe8

[Event "Staatsliga B - Ost 2002/03"]
[Site "Wien, Austria-Center"]
[Date "2002.11.24"]
[Round "5"]
[Board "4"]
[White "Strodl, Joachim"]
[Black "Ranits, Franz"]
[Result "0-1"]
[WhiteElo "2070"]
[BlackElo "2209"]
[PlyCount "106"]

1.g3 d5 2.Bg2 e5 3.d3 c5 4.Nc3 Be6 5.e4 d4 6.Nce2 Nc6 7.f4 f6 8.Nf3 Bd6 9.O-O
Nge7 10.fxe5 Nxe5 11.Nf4 Bg4 12.h3 Nxf3+ 13.Bxf3 Bxf4 14.Bxg4 Bxg3 15.Bh5+ Ng6
16.Qg4 Be5 17.Bxg6+ hxg6 18.Qxg6+ Kf8 19.Kg2 Qe8 20.Qxe8+ Rxe8 21.Bf4 Kf7 22.Rf3
Rh5 23.Bxe5 Rexe5 24.Raf1 b5 25.R1f2 Rhg5+ 26.Kf1 Ke6 27.Rg2 a5 28.Kf2 Rxg2+
29.Kxg2 c4 30.Rg3 g5 31.Rf3 Rc5 32.Rf2 cxd3 33.cxd3 b4 34.b3 Rc3 35.Rd2 Ke5
36.Kf3 Rc1 37.Kg3 Rg1+ 38.Kf2 Rh1 39.Kg3 Re1 40.Kf3 Re3+ 41.Kg4 Ke6 42.h4 gxh4
43.Kxh4 f5 44.exf5+ Kxf5 45.Rf2+ Ke5 46.Kg4 Rxd3 47.Rf5+ Ke4 48.Rxa5 Rc3 49.Ra8
Ke3 50.Re8+ Kf2 51.Rh8 d3 52.Rf8+ Ke2 53.Re8+ Kd1

[Event "Staatsliga B - Ost 2002/03"]
[Site "Wien, Austria-Center"]
[Date "2002.11.24"]
[Round "5"]
[Board "5"]
[White "Froschauer, Hans"]
[Black "Knessl, Friderich"]
[Result "0-1"]
[WhiteElo "2123"]
[BlackElo "2058"]
[PlyCount "93"]

1.e4 c5 2.Nf3 Nc6 3.Bb5 e6 4.O-O a6 5.Bxc6 bxc6 6.Nc3 d5 7.d4 Bb7 8.Re1 Nf6
9.Bg5 cxd4 10.Qxd4 Be7 11.e5 Nd7 12.Bxe7 Qxe7 13.Qg4 O-O 14.Rad1 Rad8 15.Qg3 c5
16.Ne2 f5 17.Nf4 d4 18.Ng5 Bd5 19.Nxd5 exd5 20.f4 h6 21.Nf3 Rb8 22.b3 Rb6 23.a4
Qe6 24.h3 Re8 25.Kh2 Nf8 26.Rd3 Qf7 27.Re2 Ne6 28.Rd1 Kh7 29.Rf2 g6 30.Nd2 Rb4
31.Qd3 Qb7 32.g4 Rf8 33.Rg1 Ng7 34.Qg3 Rb6 35.Nf3 d3 36.cxd3 Rxb3 37.Qh4 Ne6
38.gxf5 Rxf5 39.Qg4 Nxf4 40.Nh4 Rb2 41.Nxf5 Rxf2+ 42.Kg3 Qb2 43.Ng7 Qd2 44.Ne6
Qe3+ 45.Kh4 g5+ 46.Nxg5+ hxg5+ 47.Kxg5

[Event "Staatsliga B - Ost 2002/03"]
[Site "Stockerau, Alte Au - Blabolilheim"]
[Date "2003.01.25"]
[Round "6"]
[Board "1"]
[White "Berkes, Ferenc"]
[Black "Pingitzer, Harald"]
[Result "1-0"]
[WhiteElo "2545"]
[BlackElo "2372"]
[PlyCount "43"]

1.c4 c6 2.Nf3 d5 3.e3 Nf6 4.Nc3 e6 5.b3 Bd6 6.Qc2 Nbd7 7.Bb2 Qe7 8.Be2 h6 9.O-O
g5 10.cxd5 exd5 11.Nd4 Qe5 12.g3 Nf8 13.Nxc6 Qe6 14.Nb5 bxc6 15.Qxc6+ Ke7
16.Qxa8 h5 17.Qxa7+ N8d7 18.Nxd6 Kxd6 19.Ba3+ Ke5 20.Qd4+ Kf5 21.Bd3+ Ne4 22.f3

[Event "Staatsliga B - Ost 2002/03"]
[Site "Stockerau, Alte Au - Blabolilheim"]
[Date "2003.01.25"]
[Round "6"]
[Board "2"]
[White "Kummer, Helmut"]
[Black "Volkmann, Friedrich"]
[Result "1/2-1/2"]
[WhiteElo "2341"]
[BlackElo "2434"]
[PlyCount "49"]

1.d4 d5 2.c4 c6 3.Nf3 Nf6 4.Nc3 e6 5.Bg5 Nbd7 6.cxd5 exd5 7.e3 Be7 8.Qc2 Nh5
9.Bxe7 Qxe7 10.Be2 O-O 11.O-O g6 12.Bd3 Ndf6 13.Rfe1 Re8 14.e4 dxe4 15.Nxe4 Nxe4
16.Rxe4 Be6 17.Bc4 Nf6 18.Re5 Qd7 19.Rae1 Bxc4 20.Qxc4 Ng4 21.Rxe8+ Rxe8
22.Rxe8+ Qxe8 23.h3 Nf6 24.Qb3 Qe7 25.a3

[Event "Staatsliga B - Ost 2002/03"]
[Site "Stockerau, Alte Au - Blabolilheim"]
[Date "2003.01.25"]
[Round "6"]
[Board "3"]
[White "Lukacs, Peter"]
[Black "Schneider-Zinner, Harald"]
[Result "1-0"]
[WhiteElo "2420"]
[BlackElo "2353"]
[PlyCount "51"]

1.d4 e6 2.c4 Nf6 3.Nf3 b6 4.e3 Bb7 5.Bd3 d5 6.O-O Nbd7 7.Nc3 Bd6 8.cxd5 exd5
9.Qc2 O-O 10.Nb5 Qe7 11.Nxd6 Qxd6 12.b3 c5 13.Ba3 Rac8 14.Rac1 Ne4 15.Qe2 Qe6
16.Rc2 Rc7 17.Rfc1 Rfc8 18.Bb2 Qd6 19.Qd1 Rc6 20.dxc5 bxc5 21.Bxe4 dxe4 22.Rd2
Qb8 23.Nh4 Nf6 24.Nf5 Qc7 25.Bxf6 Rxf6 26.Rd7

[Event "Staatsliga B - Ost 2002/03"]
[Site "Stockerau, Alte Au - Blabolilheim"]
[Date "2003.01.25"]
[Round "6"]
[Board "4"]
[White "Hansen, Kay"]
[Black "Neulinger, Manfred"]
[Result "0-1"]
[WhiteElo "2265"]
[BlackElo "2384"]
[PlyCount "98"]

1.d4 g6 2.e4 Bg7 3.c3 d5 4.Nd2 Nf6 5.exd5 Nxd5 6.Ngf3 O-O 7.Bc4 Nc6 8.O-O b6
9.Qc2 Bf5 10.Ne4 Na5 11.Bd3 e6 12.Bg5 Qc8 13.a3 h6 14.Bd2 Bxe4 15.Bxe4 Nc4
16.Rad1 a5 17.b3 Nxd2 18.Qxd2 c6 19.c4 Nf6 20.Bd3 Rd8 21.Rfe1 c5 22.dxc5 Qxc5
23.Qa2 Rd6 24.h3 Rad8 25.Bc2 Ne4 26.Rxe4 Rxd1+ 27.Bxd1 Rxd1+ 28.Re1 Rd3 29.Rb1
e5 30.b4 Qd6 31.Re1 axb4 32.axb4 Qxb4 33.Qa8+ Kh7 34.Qe4 Rb3 35.Rd1 Qe7 36.Rd5
f5 37.Qc2 Ra3 38.Qb2 e4 39.Nd4 Rd3 40.Nc6 Qc7 41.Qb5 Ra3 42.Rd1 Ra2 43.Nb4 Rb2
44.Nd5 Qd6 45.Qa4 Qc5 46.Ne3 f4 47.Rd5 fxe3 48.Rxc5 Rb1+ 49.Kh2 exf2

[Event "Staatsliga B - Ost 2002/03"]
[Site "Stockerau, Alte Au - Blabolilheim"]
[Date "2003.01.25"]
[Round "6"]
[Board "5"]
[White "Schroll, Gerhard"]
[Black "Holzer, Gerhard"]
[Result "1-0"]
[WhiteElo "2381"]
[BlackElo "2236"]
[PlyCount "45"]

1.e4 c5 2.c3 e6 3.Nf3 b6 4.d4 cxd4 5.cxd4 Nf6 6.Nc3 Bb4 7.Bd3 Bb7 8.Qe2 d5 9.e5
Ne4 10.O-O Nxc3 11.bxc3 Be7 12.Ne1 Qc8 13.f4 g6 14.g4 Ba6 15.f5 Bxd3 16.Nxd3
Qxc3 17.Bb2 Qa5 18.Qc2 Qa6 19.Rac1 Bd8 20.fxe6 fxe6 21.Qf2 Be7 22.Qf7+ Kd8
23.Nf4

[Event "Staatsliga B - Ost 2002/03"]
[Site "Stockerau, Alte Au - Blabolilheim"]
[Date "2003.01.25"]
[Round "6"]
[Board "6"]
[White "Hofbauer, Martin"]
[Black "Wiedner, Robert"]
[Result "1/2-1/2"]
[WhiteElo "2247"]
[BlackElo "2241"]
[PlyCount "73"]

1.e4 g6 2.d4 Bg7 3.Nc3 c6 4.Nf3 d6 5.h3 Nf6 6.Be3 h6 7.Qd2 d5 8.Bd3 dxe4 9.Nxe4
Nbd7 10.Ng3 Nd5 11.O-O Qc7 12.c4 Nxe3 13.Qxe3 Nf6 14.Rfe1 e6 15.Ne5 Bd7 16.Rad1
O-O 17.Nf1 Rfd8 18.Nd2 Be8 19.Ndf3 Nd7 20.Ng4 Kh7 21.h4 f5 22.Ngh2 Bf7 23.Bc2
Re8 24.Ne5 Nxe5 25.dxe5 Red8 26.Nf3 b6 27.c5 Bf8 28.b4 bxc5 29.bxc5 Qa5 30.Rd6
Rab8 31.Red1 Bxd6 32.exd6 Qxa2 33.Qc3 Qb2 34.Qxb2 Rxb2 35.Ba4 Be8 36.Nd4 Rc8
37.Nxe6

[Event "Staatsliga B - Ost 2002/03"]
[Site "Stockerau, Alte Au - Blabolilheim"]
[Date "2003.01.25"]
[Round "6"]
[Board "1"]
[White "Likavsky, Tomas"]
[Black "Staudner, Oliver"]
[Result "1/2-1/2"]
[WhiteElo "2465"]
[BlackElo "2360"]
[PlyCount "105"]

1.d4 Nf6 2.c4 e6 3.g3 d5 4.Nf3 dxc4 5.Bg2 Nc6 6.Qa4 Bb4+ 7.Bd2 Nd5 8.Bxb4 Ndxb4
9.O-O Rb8 10.Na3 a6 11.Ne5 O-O 12.Nxc6 Nxc6 13.Qxc4 Qxd4 14.Bxc6 Qxc4 15.Nxc4
bxc6 16.b3 Rd8 17.Ne5 Bb7 18.Rfc1 Rd6 19.Kf1 f6 20.Nd3 Rbd8 21.f3 e5 22.Ke1 Rd4
23.Rc2 Kf7 24.Rac1 g5 25.a3 a5 26.b4 axb4 27.Nxb4 Ra8 28.Rc3 h5 29.Rb1 Ra7
30.Nd3 h4 31.Nc5 hxg3 32.hxg3 Ba6 33.a4 Ke7 34.Rb8 Rc4 35.Rxc4 Bxc4 36.Rh8 f5
37.Rh6 Ra5 38.Rh7+ Kf6 39.Nd7+ Ke6 40.Nf8+ Kd6 41.Rd7+ Kc5 42.Re7 Kd4 43.Ng6 e4
44.fxe4 fxe4 45.Kd2 Bd5 46.e3+ Kc5 47.Re5 g4 48.Rg5 Rxa4 49.Nf4 Ra2+ 50.Kc3 Ra3+
51.Kd2 Ra2+ 52.Kc3 Ra3+ 53.Kd2

[Event "Staatsliga B - Ost 2002/03"]
[Site "Stockerau, Alte Au - Blabolilheim"]
[Date "2003.01.25"]
[Round "6"]
[Board "2"]
[White "Plachetka, Jan"]
[Black "Plank, Franz"]
[Result "1/2-1/2"]
[WhiteElo "2451"]
[BlackElo "2256"]
[PlyCount "68"]

1.d4 d5 2.Nf3 e6 3.c4 c6 4.Nc3 dxc4 5.e4 b5 6.a4 Bb4 7.Bd2 Nf6 8.Qc2 Bb7 9.e5
Nd5 10.axb5 Bxc3 11.bxc3 cxb5 12.Ng5 Ne7 13.Be2 Bxg2 14.Rg1 Bd5 15.Nxh7 Nf5
16.Ng5 Nc6 17.Bg4 Qd7 18.Ne4 Nce7 19.Bxf5 Nxf5 20.Rxg7 Bxe4 21.Qxe4 Qd5 22.Qxd5
exd5 23.Rg5 Ne7 24.Ra6 Rxh2 25.Bc1 Rh1+ 26.Kd2 Rf1 27.Rh5 Rxf2+ 28.Ke1 Rg2
29.Bg5 Ng8 30.Kf1 Rg4 31.Kf2 Kf8 32.Kf3 Rg1 33.Kf2 Rg4 34.Kf3 Rg1